| 000 | 01132nam a2200301 4500 | ||
|---|---|---|---|
| 001 | 1248 | ||
| 003 | DO-SdBPM | ||
| 005 | 20250402115050.0 | ||
| 007 | 1248 | ||
| 008 | 161202b1995 sp | 00| 0 spa d | ||
| 020 | _a8424134362 | ||
| 040 |
_a DO-SdBPM _bspa _cBPMSU |
||
| 082 | 4 |
_a808.83 _bN964a 1995 _222 |
|
| 245 | 0 | 4 |
_a Las nuevas aventuras de la Sirenita : _bHechizada / |
| 260 |
_aBarcelona : _bEditorial Everest, _c1995 |
||
| 300 |
_avarias paginaciones : _bilustraciones ; _c27 cm. |
||
| 440 | 0 | _aLas nuevas aventuras de la Sirenita | |
| 490 | 0 | _aCrecer y aprender con Disney | |
| 505 |
_gv 1.
_tLa cenicienta -- La bella y la bestia -- La sirenita -- _gv. 2 . _tBlanca nives y los siete enanos -- El rey león -- Aladín - _gv. 3 _tToy story ¡y más allá! -- Bichos, una aventura en miniatura -- Monsters, |
||
| 590 | _aInventariado, 2025/VM | ||
| 650 | 4 |
_aCuentos infantiles _vColecciones |
|
| 650 | 4 | _aOcéano Cuentos infantiles | |
| 650 | 4 |
_aMagia _vCuentos infantiles |
|
| 710 | 2 | _aThe Walt Disney Company | |
| 710 | _aGrupo Oceano | ||
| 910 | _aVMateo V. Control de calidad. BPMSU | ||
| 942 |
_2ddc _cBK |
||
| 999 |
_c15025 _d15025 |
||